| 000 | 00427nam a2200181Ia 4500 | ||
|---|---|---|---|
| 008 | 210210b1971 xxu||||| |||| 00| 0 eng d | ||
| 082 | _a820.43 MEHW | ||
| 100 | _aMEHTA (Ved) | ||
| 245 | _aWalking the Indian streets | ||
| 260 |
_aNew York. _bPenguin Books _c1971 |
||
| 300 | _a123 | ||
| 650 | _aWalking | ||
| 650 | _athe | ||
| 650 | _astreets | ||
| 650 | _aIndian | ||
| 690 | _aIndian English Prose | ||
| 906 | _aSG01230 | ||
| 999 |
_c112944 _d112944 |
||